000 00504nam a2200205Ia 4500
999 _c45576
_d45576
001 12402
003 GE_BSU
005 20221117142553.0
008 181216s2010en xx |||||||||||||| ||eng||
020 _a9780575099494 x
040 _cGE_BSU
041 _aeng
080 _a821.111-312.4 S-20
100 _aSands, Lunsay.
_915891
245 2 _aA Quisk Bite.
264 _aLondon :
_bHarper Collins Publishers,
_c2010.
300 _a390 p.:
_b20 cm.
_cill.
653 _aA Quisk Bite.
942 _cBK
_2udc